000 01231cad a22002535a 4500
001 L142573
008 080225s2008 xxk f l 000 0 eng d
035 _a(Sirsi) u142573
041 0 _aeng
050 0 4 _a614.76 $2 18
110 2 _aUnited Kingdom
_kLaws, etc
_95044
245 0 4 _aThe Site Waste Management Plans Regulations 2008
_h[electronic resource]
260 _aLondon
_bTSO
_c2008
490 0 _aSI
_v2008: 314
520 _aCome into force 6 April 2008. Require the preparation of a Site Waste Management Plan (SWMP) by any person intending to carry out a construction project with an estimated cost greater than £300 000. Explains the requirements for a SWMP, including how to update a SWMP for a project of £500 000 or less and a project worth more than £500 000. Also sets out additional duties of the principal contractor and the client.
521 2 _aAdvanced
590 _aKA
650 2 4 _aSITE WASTE MANAGEMENT PLANS REGULATIONS 2008
651 4 _aEngland
_y886-
690 _aBUILT ENVIRONMENT
690 _aENVIRONMENTAL AND LAND CONSULTANCY-WASTE MANAGEMENT
856 4 0 _uhttps://www.opsi.gov.uk/si/si2008/uksi_20080314_en_1
_zView the Regulations free of charge at www.opsi.gov.uk...
942 _n0
999 _c107918
_d107918